Регионална библиотека "Любен Каравелов" - Русе

Малкият антикварен магазин под Айфеловата кула (Запис номер 323382)

MARC детайли
000 -Лидер
Контролно поле с фиксирана дължина 01009aam a2200277 a 4500
003 - Код на организацията, давaща контролен номер
Контролно поле BLK
005 - Дата и час на последна редакция
Контролно поле 20240924180147.0
008 - Елементи от данни с фиксирана дължина
fixed length control field 180723b bul|||||r|||| 00| | bul d
020 ## - Международен стандартен номер на книга ISBN
Международен стандартен номер на книга ISBN 978-954-28-2611-8
040 ## - Източник на каталожния запис
Идентификатор на билиотеката - собственик на записа BLK
041 ## - Код за език
Код за езика на текст/звукозапис или на отделно заглавие Български
Код за езика КДБФ Български
080 ## - УДК
Текстов определител УДК Австралийска литература
УДК код - определител по УДК 821.111(94)
УДК - код + определител 821.111(94)-31
100 1# - Редна дума - Автор
Автор Рейзин, Ребека
Авторска отговорност първи автор
R(LIN) 115802
139 ## - Редно поле
Редна дума Рейзин, Ребека
Авторски знак Реи - Р 48
245 ## - Сведения за заглавието
Заглавие Малкият антикварен магазин под Айфеловата кула
Редно поле (дума) Ребека Рейзин, прев. Надя Златковал
260 ## - Област на издателските данни
Име на издателя, разпространителя и проч. Сиела
Година на издаване 2018
Място на издаване, разпространение и проч. София
300 ## - Физическа характеристика
Страници 340 с.
Размери/Мащаб 21 см
380 ## - Жанр
Жанр Худож. лит.
700 ## - Други автори (авторска отговорност)
Лично име Златкова, Надя Иванова
Дати, свързани с автора 1957 -
Автороска отговорност (Описва отношението между автора и произведението) прев. от англ.
9 (RLIN) 363518
852 ## - Местоположение
Систематично-азбучна сигнатура П 820(9)-31/Р 48
999 ## - СИСТЕМНИ КОНТРОЛНИ НОМЕРА
Koha biblionumber 323382
Koha biblioitemnumber 323382
942 ## - АРТИКУЛИ
Вид на библиотечния материал Книги
Източник на класификационната схема Universal Decimal Classification
Скрит в OPAC Не
Koha issues (borrowed), all copies 59
Периодичен библиозапис Да
999 ## - СИСТЕМНИ КОНТРОЛНИ НОМЕРА
Koha biblioitemnumber 323382
999 ## - СИСТЕМНИ КОНТРОЛНИ НОМЕРА
Koha biblioitemnumber 323382
999 ## - СИСТЕМНИ КОНТРОЛНИ НОМЕРА
Koha biblioitemnumber 323382
944 ## - СЪЗДАВАНЕ И РЕДАКЦИЯ на ЗАПИСА
Служител, извършил регистрацията/редакцията 30531
Статус, дата на статуса Цветелина Шанова
Наличности
Код за отписване Код за изгубен артикул Източник на класификационната схема Код за повреда Код за отдаване Артикулен № Име на библиотеката - собственик Име на библиотеката, в която се намира в момента Статус (Текущо местоположение) Дата на вписване в системата Местоположение - отдел Цена в лева Инвентарен номер Систематично азбучна сигнатура Баркод Цена в евро Служебен тип на артикула Коз за рестрикции
  Не е изгубен Universal Decimal Classification Не е повреден заемане за дома 678277 Регионална библиотека "Любен Каравелов" Русе Регионална библиотека "Любен Каравелов" Русе Заемна - подръчен фонд 2018-07-06 Заемна - подръчен фонд 11.18 120000821833 П 820(9)-31/Р 48 120000821833 5.72 Книги  
  Не е изгубен Universal Decimal Classification Не е повреден заемане за дома 721378 Регионална библиотека "Любен Каравелов" Русе Регионална библиотека "Любен Каравелов" Русе Заемна - подръчен фонд 2019-06-11 Заемна - подръчен фонд 7.45   П 820(9)-31/Р 48 120000832275 3.81 Книги  
  Не е изгубен Universal Decimal Classification Не е повреден ползва се в читалня 872597 Регионална библиотека "Любен Каравелов" Русе Регионална библиотека "Любен Каравелов" Русе Хранилище 2022-02-18 Основен фонд - ползва се само за читалня 14.90   Цб 311278 120000866156 7.62 Книги само за читалня
Vip Innovations Ltd, Rousse, Bulgaria 2025